| 000 | 01468nam a2200397 i 4500 | ||
|---|---|---|---|
| 001 | 7808 | ||
| 003 | KOSZ 005 | ||
| 005 | 20221021095610.0 | ||
| 008 | 080719s1965 pl a f f 000 0 pol | ||
| 015 | _aPB 1965/9205 | ||
| 040 |
_aWA N _cWA N _dKOSZ 005/RW _dKOSZ 005/HR |
||
| 041 | 1 |
_apol _hrus |
|
| 046 | _k1965 | ||
| 080 | _a621.74 | ||
| 100 | 1 |
_aAksenov, Pavel Nikolaevič _eAutor |
|
| 245 | 1 | 0 |
_aWybrane zagadnienia z teorii maszyn odlewniczych / _cP. N. Aksjonow ; tł z ros. Adam Gierek. |
| 246 | 1 |
_iTyt. oryg.: _aNekotorye voprosy teorii mašin litejnogo proizvodstva. |
|
| 260 |
_aKatowice : _bŚląsk, _c1965. |
||
| 300 |
_a241, [1] s. : _bil., err. ; _c23 cm. |
||
| 336 |
_2rdacontent _aTekst _btxt |
||
| 337 |
_2rdamedia _aBez urządzenia pośredniczącego _bn |
||
| 338 |
_2rdacarrier _aWolumin _bnc |
||
| 380 | _aKsiążki | ||
| 388 | _a1901-2000 | ||
| 388 | _a1945-1989 | ||
| 504 | _aBibliogr. s. 239-[242]. | ||
| 521 | 8 | _aDla inżynierów i techników oraz dla studentów specjalności odlewnictwo wyższych uczelni technicznych. | |
| 650 | 4 | _aNarzędzia i maszyny | |
| 650 | 4 | _aOdlewnictwo | |
| 655 | 4 | _aPodręczniki akademickie | |
| 658 | _aInżynieria i technika | ||
| 700 | 1 |
_aGierek, Adam _d(1938- ) _eTłumaczenie |
|
| 710 | 2 |
_aWydawnictwo "Śląsk" _4pbl. |
|
| 856 |
_uhttp://koha.tu.koszalin.pl/cgi-bin/koha/opac-detail.pl?biblionumber=7808 _yKatalog online BPK |
||
| 942 |
_2UKD _cKS |
||
| 999 |
_c7808 _d7808 |
||